00923nam a2200301Ia 4500008004000000020001500040041000800055082001500063100001700078245009400095260004800189300001200237650000800249650001100257650001000268650001400278650001400292650002200306650000700328650001100335650001300346650001600359650000800375690002500383906001100408999001700419952018500436210210b2004 xxu||||| |||| 00| 0 eng d a0521672821 aeng a338.9 KOHS aKOHLI (Atul) aState directed developmentbPolitical power and industrialization in the global periphery aNew YorkbCambridge University Pressc2004 axii,466 athe aState- apower aPolitical aperiphery aindustrialization ain aglobal adirected adevelopment aand aEconomic Development a066500 c76550d76550 00102ddc40708Human RightsaALbALd2021-02-17eSapna Book House Pvt Ltd, K S Rao Road, Mangaloreg495.00l1o338.9 KOHSp066500r2026-03-28 09:39:10s2025-07-08w2021-02-17yBK